Analýza stratégie e-obchodu bakalárska práca

Na minha lista:
Detalhes bibliográficos
Autor principal: Urban, Ján
Autor Corporativo: Obchodná fakulta EU. Katedra informatiky obchodných firiem
Outros Autores: Hasan, Jamal
Formato: Livro
Idioma:eslovaco
Publicado em: Bratislava 2011
Tags: Adicionar Tag
Sem tags, seja o primeiro a adicionar uma tag!

MARC

LEADER 00000nbm a2200000 4500
001 0140572
005 20161109111722.9
041 0 |a slo 
044 |a SK 
245 1 0 |a Analýza stratégie e-obchodu  |b bakalárska práca  |c Ján Urban ; školiteľ: Jamal Hasan 
264 1 |a Bratislava  |c 2011 
300 |a 35 s. 
100 1 |a Urban, Ján 
700 1 |a Hasan, Jamal 
710 2 |a Obchodná fakulta EU. Katedra informatiky obchodných firiem